000 00306nam a22001337a 4500
082 _a370.73 264 097 3 GAF
100 _aGAF, J.G
245 _aTOWARD FACULTY RENEWAL
260 _aLONDON
_bJOSSEY
_c1976
300 _aXV.244P,
_b25CM
500 _aINCLUDE
650 _aTOWARD FACULTY RENEWAL
942 _cBK
999 _c13382
_d13382